Confederate States of the U.S Civil War - Statistics

General Stats
  • This quiz has been taken 54 times
  • The average score is 10 of 11
Answer Stats
Confederate States % Correct
Alabama
100%
Mississippi
98%
Texas
98%
Florida
95%
North Carolina
95%
South Carolina
95%
Arkansas
93%
Georgia
93%
Virginia
93%
Louisiana
88%
Tennessee
88%
No matching quizzes found
Score Distribution
Percent of People with Each Score
Percentile by Number Answered
Your Score History
You have not taken this quiz